Contemporary political theory : (Record no. 28508)
[ view plain ]
| 000 -LEADER | |
|---|---|
| fixed length control field | 00703nam a2200253Ia 4500 |
| 003 - CONTROL NUMBER IDENTIFIER | |
| control field | OSt |
| 005 - DATE AND TIME OF LATEST TRANSACTION | |
| control field | 20230412114856.0 |
| 008 - FIXED-LENGTH DATA ELEMENTS--GENERAL INFORMATION | |
| fixed length control field | 210323s9999||||xx |||||||||||||| ||und|| |
| 020 ## - INTERNATIONAL STANDARD BOOK NUMBER | |
| International Standard Book Number | 9788120707184 |
| 040 ## - CATALOGING SOURCE | |
| Transcribing agency | STCPL |
| 041 ## - LANGUAGE CODE | |
| Language code of text/sound track or separate title | English |
| 082 ## - DEWEY DECIMAL CLASSIFICATION NUMBER | |
| Classification number | 320.11 |
| Item number | JOH-C |
| 100 ## - MAIN ENTRY--PERSONAL NAME | |
| Personal name | Johari J. C. |
| 245 #0 - TITLE STATEMENT | |
| Title | Contemporary political theory : |
| Remainder of title | New dimensions, basic concepts and major trends / |
| Statement of responsibility, etc. | by J. C. Johari |
| 250 ## - EDITION STATEMENT | |
| Edition statement | 2nd ed. |
| 260 ## - PUBLICATION, DISTRIBUTION, ETC. | |
| Place of publication, distribution, etc. | New Delhi : |
| Name of publisher, distributor, etc. | Sterling Publishers Private Ltd. , |
| Date of publication, distribution, etc. | 2011 . |
| 300 ## - PHYSICAL DESCRIPTION | |
| Extent | 756 p. |
| Other physical details | Paper Back |
| 650 ## - SUBJECT ADDED ENTRY--TOPICAL TERM | |
| Topical term or geographic name entry element | Political Science |
| 650 ## - SUBJECT ADDED ENTRY--TOPICAL TERM | |
| Topical term or geographic name entry element | Political theories And ideologies |
| 650 ## - SUBJECT ADDED ENTRY--TOPICAL TERM | |
| Topical term or geographic name entry element | Political legitimacy |
| 942 ## - ADDED ENTRY ELEMENTS (KOHA) | |
| Koha item type | Books |
| 942 ## - ADDED ENTRY ELEMENTS (KOHA) | |
| Source of classification or shelving scheme | Dewey Decimal Classification |
| 942 ## - ADDED ENTRY ELEMENTS (KOHA) | |
| Source of classification or shelving scheme | Dewey Decimal Classification |
| Withdrawn status | Lost status | Source of classification or shelving scheme | Damaged status | Collection code | Not for loan | Home library | Current library | Shelving location | Date acquired | Cost, normal purchase price | Total Checkouts | Full call number | Barcode | Date last seen | Price effective from | Koha item type | Date last checked out | Total Renewals |
|---|---|---|---|---|---|---|---|---|---|---|---|---|---|---|---|---|---|---|
| Dewey Decimal Classification | Political Science | ST. THOMAS COLLEGE LIBRARY, PALAI | ST. THOMAS COLLEGE LIBRARY, PALAI | Political Science | 2021-07-10 | 275.00 | 320.11 JOH-C | 40614 | 2021-07-10 | 2021-07-10 | Books | |||||||
| Dewey Decimal Classification | Political Science | ST. THOMAS COLLEGE LIBRARY, PALAI | ST. THOMAS COLLEGE LIBRARY, PALAI | Political Science | 2021-07-10 | 200.00 | 320.11 JOH-C | 50647 | 2021-07-10 | 2021-07-10 | Books | |||||||
| Dewey Decimal Classification | Political Science | ST. THOMAS COLLEGE LIBRARY, PALAI | ST. THOMAS COLLEGE LIBRARY, PALAI | Political Science | 2021-07-10 | 320.11 JOH-C | 54066 | 2021-07-10 | 2021-07-10 | Books | ||||||||
| Dewey Decimal Classification | Political Science | ST. THOMAS COLLEGE LIBRARY, PALAI | ST. THOMAS COLLEGE LIBRARY, PALAI | Political Science | 2021-07-10 | 250.00 | 320.11 JOH-C | 71352 | 2021-07-10 | 2021-07-10 | Books | |||||||
| Dewey Decimal Classification | Political Science | ST. THOMAS COLLEGE LIBRARY, PALAI | ST. THOMAS COLLEGE LIBRARY, PALAI | Political Science | 2021-07-10 | 275.00 | 1 | 320.11 JOH-C | 80394 | 2023-02-10 | 2021-07-10 | Books | 2023-01-27 | |||||
| Dewey Decimal Classification | Political Science | ST. THOMAS COLLEGE LIBRARY, PALAI | ST. THOMAS COLLEGE LIBRARY, PALAI | Political Science | 2021-07-10 | 250.00 | 2 | 320.11 JOH-C | 80649 | 2024-01-08 | 2021-07-10 | Books | 2023-11-21 | 1 | ||||
| Dewey Decimal Classification | Political Science | ST. THOMAS COLLEGE LIBRARY, PALAI | ST. THOMAS COLLEGE LIBRARY, PALAI | Political Science | 2021-07-10 | 275.00 | 2 | 320.11 JOH-C | 85635 | 2024-01-08 | 2021-07-10 | Books | 2023-12-12 | |||||
| Dewey Decimal Classification | Political Science | ST. THOMAS COLLEGE LIBRARY, PALAI | ST. THOMAS COLLEGE LIBRARY, PALAI | Political Science | 2022-01-19 | 275.00 | 1 | 320.11 JOH-C | 85631 | 2022-06-15 | 2022-01-19 | Books | 2022-01-19 |
